Systems analysis and design: A project approach
The book provides computer information systems (CIS) students with a microcomputer-based "systems" book emphasizing practical problem-solving tools and strategies. It combines traditional systems development life cycle (SDLC) techniques with modern fourth-generation language (4GL) and comp...
Guardat en:
| Autor principal: | |
|---|---|
| Format: | Llibre |
| Idioma: | Undetermined |
| Publicat: |
Orlando, Florida
Dryden Press
1995
|
| Matèries: | |
| Etiquetes: |
Afegir etiqueta
Sense etiquetes, Sigues el primer a etiquetar aquest registre!
|
| Thư viện lưu trữ: | Trung tâm Học liệu Trường Đại học Cần Thơ |
|---|
| LEADER | 00993nam a2200205Ia 4500 | ||
|---|---|---|---|
| 001 | CTU_32481 | ||
| 008 | 210402s9999 xx 000 0 und d | ||
| 020 | |b 324.000đ | ||
| 082 | |a 004.21 | ||
| 082 | |b H313 | ||
| 100 | |a David Harris | ||
| 245 | 0 | |a Systems analysis and design: A project approach | |
| 245 | 0 | |c David Harris | |
| 260 | |a Orlando, Florida | ||
| 260 | |b Dryden Press | ||
| 260 | |c 1995 | ||
| 520 | |a The book provides computer information systems (CIS) students with a microcomputer-based "systems" book emphasizing practical problem-solving tools and strategies. It combines traditional systems development life cycle (SDLC) techniques with modern fourth-generation language (4GL) and computer-assited systems engineering (CASE) technology to teach students how to build small-enterprise computer information systems | ||
| 650 | |a management information,systems analysis,systems design | ||
| 904 | |i Minh, 990806 | ||
| 980 | |a Trung tâm Học liệu Trường Đại học Cần Thơ | ||